Toughest NHL Players Quiz - Statistics

General Stats
  • This quiz has been taken 73 times
  • The average score is 11 of 19
Answer Stats
Hint Player % Correct
A goal, an assist, and a fight equals a _____ hat-trick Gordie Howe
100%
Known as the greatest defenceman ever Bobby Orr
92%
The tallest NHL player in history, standing at 6'9 Zdeno Chára
91%
His 3,966 penalty minutes is the NHL record Tiger Williams
80%
He ended the Cup drought in New York with his offence, but was never afraid to play physical or drop the gloves Mark Messier
72%
His huge open-ice hits earned him the nickname "Captain Crunch" Scott Stevens
69%
The "Albanian Assassin" holds the NHL all-time record for fights with 333 Tie Domi
69%
One of the few tough guys who could also score, "Bam Bam Cam" had almost 400 goals Cam Neely
62%
Wayne Gretzky's de-facto bodyguard for 11 years with the Oilers and the Kings Marty McSorley
58%
Sparked a riot in Montreal after being suspended for hitting a linesman during a game Maurice Richard
57%
Going 1st overall in the 1985 NHL Draft, he became a fan favorite in Toronto for his fighting Wendel Clark
55%
At 6 feet and 8 inches tall, "The Boogeyman" was a fitting name for this tragically late enforcer Derek Boogaard
43%
Hard-hitting captain of the L.A. Kings from 1996 to 2001 Rob Blake
40%
Was suspended twice in the 2007 NHL Playoffs with the Ducks; he still won the Cup Chris Pronger
38%
The only NHL player with over 600 goals and 2,000 penalty minutes Brendan Shanahan
34%
The Buffalo Sabres record holder for most penalty minutes with the team Rob Ray
34%
With a very fitting name, this tough guy lowered the "boom" on many with the Rangers Jeff Beukeboom
32%
Named "Enforcer of the Decade" by the Hockey News in 2010 Donald Brashear
15%
A notorious pest who infuriated the opposition with smiles, sticking his tongue out, and waving his gloves Matthew Barnaby
14%
No matching quizzes found
Score Distribution
Percent of People with Each Score
Percentile by Number Answered
Your Score History
You have not taken this quiz